Statistics for Random Sequential European Countries on a Map

Click here to take the quiz!

General Stats

  • This quiz has been taken 178,978 times
    (88,237 since last reset)
  • The average score is 38 of 45

Answers on the Map

Answers color-coded by a green-red scale on the quiz's map according to % correct below.
 

Answer Stats

Country% Correct
Denmark
85%
Finland
85%
France
85%
Germany
85%
Greece
85%
Iceland
85%
Ireland
85%
Italy
85%
Norway
85%
Poland
85%
Portugal
85%
Russia
85%
Spain
85%
Sweden
85%
Ukraine
85%
United Kingdom
85%
Andorra
84%
Austria
84%
Belarus
84%
Belgium
84%
Croatia
84%
Czech Republic
84%
Estonia
84%
Latvia
84%
Lithuania
84%
Luxembourg
84%
Malta
84%
Monaco
84%
Netherlands
84%
Romania
84%
San Marino
84%
Switzerland
84%
Vatican City
84%
Albania
83%
Bosnia and Herzegovina
83%
Bulgaria
83%
Hungary
83%
Kosovo
83%
Liechtenstein
83%
Moldova
83%
North Macedonia
83%
Serbia
83%
Slovakia
83%
Slovenia
83%
Montenegro
82%

Score Distribution

Percentile by Number Answered

Percent of People with Each Score

Your Score History

You have not taken this quiz since the last reset